| 000 | 00802nam a2200157 4500 | ||
|---|---|---|---|
| 999 |
_c16463 _d16463 |
||
| 008 | 220207b ||||| |||| 00| 0 eng d | ||
| 022 | _a0893-8989 | ||
| 082 | _aDPer 363.205 P75 Sept 2013-May 2016 v. 37 & 40, n. 9-11/1-5 | ||
| 100 |
_aGriffith, David. _943871 |
||
| 245 |
_aMaking sure you get the video: _bbody-worn camera manufacturers are adding the variety of technologies and features to their systems to ensure the cameras are on, the evidence is captured, and release of the evidence doesn't endanger the innocent/ _cDavid Griffith. |
||
| 260 |
_aCalifornia: _bBobit Business Media, _c©Sept 2013-May 2016. |
||
| 300 |
_av40 n5, pages 24-27; _billustrations: _c27 cm. |
||
| 500 | _aPolice: the law enforcement. | ||
| 650 |
_aLaw enforcement _xEquipment and supplies. _943834 |
||
| 942 |
_2ddc _cPER |
||